Central Library OPAC University of Rajshahi

Cultural policy in Colombia / (Record no. 33547)

MARC details
000 -LEADER
fixed length control field 00911nam a2200277 i 4500
001 - CONTROL NUMBER
control field 33547
003 - CONTROL NUMBER IDENTIFIER
rucl marc code BD-RjUL
005 - DATE AND TIME OF LATEST TRANSACTION
control field 20211209052027.0
008 - FIXED-LENGTH DATA ELEMENTS--GENERAL INFORMATION
fixed length control field 140508s1977 fr af b i000 0 eng
020 ## - INTERNATIONAL STANDARD BOOK NUMBER
International Standard Book Number 923101417X
035 ## - SYSTEM CONTROL NUMBER
System control number (BD-RjUL)3214993
040 ## - CATALOGING SOURCE
Original cataloging agency DLC
Transcribing agency DLC
Modifying agency DLC
-- BD-RjUL
Language of cataloging eng
041 ## - LANGUAGE CODE
Language code of text/sound track or separate title eng
082 00 - DEWEY DECIMAL CLASSIFICATION NUMBER
Classification number 354.8610085
Author mark and year CUL 1977
245 10 - TITLE STATEMENT
Title Cultural policy in Colombia /
Statement of responsibility, etc. prepared by Jorge Eliécer Ruiz ; with the assistance of Valentina Marulanda.
260 ## - PUBLICATION, DISTRIBUTION, ETC. (IMPRINT)
Place of publication, distribution, etc. Paris :
Name of publisher, distributor, etc. Unesco,
Date of publication, distribution, etc. c1977.
300 ## - PHYSICAL DESCRIPTION
Pagination 93 p., [2] leaves of plates :
Illustrations ill. ;
Size 24 cm.
504 ## - BIBLIOGRAPHY, ETC. NOTE
Bibliography, etc Bibliography: p. 30-31.
651 #0 - SUBJECT ADDED ENTRY--GEOGRAPHIC NAME
Geographic name Colombia
General subdivision Cultural policy.
9 (RLIN) 101808
700 1# - ADDED ENTRY--PERSONAL NAME
Personal name Marulanda, Valentina,
Relator term joint author.
Personal name Ruiz, Jorge Eliécer.
942 ## - ADDED ENTRY ELEMENTS (KOHA)
Source of classification or shelving scheme Dewey Decimal Classification
Koha item type Books
Holdings
Lost status Source of classification or shelving scheme Damaged status Not for loan Collection code Permanent Location Current Location Shelving location Date acquired Source of acquisition Cost, normal purchase price Total Checkouts Full call number Date last seen Copy number Koha item type
  Dewey Decimal Classification   Not For Loan Non-fiction Central Library, University of Rajshahi Central Library, University of Rajshahi Reading Room 03/12/1981 UNESCO Gift. 0.00   354.8610085 CUL 1977 08/05/2014 C-1 Books
  Dewey Decimal Classification     Non-fiction Central Library, University of Rajshahi Central Library, University of Rajshahi   28/08/1982 Unesco Gift 0.00   306.029861 CUL 1977 14/05/2014 C-2 Books